Music Quiz

Random Music or Song Quiz

The White Stripes Songs Quiz Stats

 Plays Quiz Updated Mar 13, 2020

Support Sporcle.
Go Orange.
Score 0/116 Timer 15:00
1 Play Today
Song % Correct
Seven Nation Army
89.4%
Icky Thump
78.5%
Blue Orchid
63.1%
Fell in Love with a Girl
60.2%
The Hardest Button to Button
55%
Hotel Yorba
54.5%
My Doorbell
54%
Dead Leaves and the Dirty Ground
52.2%
Black Math
49%
Ball and Biscuit
45.7%
Conquest
44.5%
Do
40%
Little Acorns
39.9%
The Denial Twist
39.6%
Hello Operator
39.5%
In the Cold, Cold Night
39%
It's True That We Love One Another
38.9%
I Just Don't Know What to Do with Myself
38.8%
Little Room
38.6%
We're Going to Be Friends
38.4%
Little Ghost
37.7%
Rag and Bone
37.6%
Girl, You Have No Faith in Medicine
37.3%
The Nurse
37.2%
Jolene
37%
Jimmy the Exploder
36.4%
You're Pretty Good Looking (For a Girl)
36.1%
Apple Blossom
35.5%
The Big Three Killed My Baby
35.5%
Little Cream Soda
35.4%
Death Letter
35.3%
Astro
34.1%
Hypnotize
33.5%
Little Bird
33.3%
Screwdriver
32.9%
I Think I Smell a Rat
32.8%
There's No Home for You Here
32.7%
Aluminum
32.7%
I Want to Be the Boy to Warm Your Mother's Heart
32.5%
Song % Correct
Red Rain
31.7%
Take, Take, Take
30.8%
The Union Forever
30.7%
Effect and Cause
30.4%
I'm Finding It Harder to Be a Gentleman
29.6%
White Moon
29.2%
Your Southern Can Is Mine
29.2%
One More Cup of Coffee
29.1%
You Don't Know What Love Is (You Just Do as You're Told)
29.1%
Stop Breaking Down
29%
Catch Hell Blues
29%
300 M.P.H. Torrential Outpour Blues
28.9%
St. James Infirmary Blues
28.6%
I Fought Piranhas
28.4%
Cannon
28.4%
Now Mary
28.1%
The Air Near My Fingers
27.8%
You've Got Her in Your Pocket
27.5%
Bone Broke
27.2%
Suzy Lee
26.8%
I'm Slowly Turning into You
26.6%
Let's Build a Home
26.3%
Passive Manipulation
26.2%
I'm Lonely (But I Ain't That Lonely Yet)
26.1%
Jumble, Jumble
26%
This Protector
26%
Instinct Blues
25.8%
A Martyr for My Love for You
25.8%
Broken Bricks
25.6%
Prickly Thorn, But Sweetly Worn
25.6%
Little People
24.9%
Expecting
24.7%
Sugar Never Tasted So Good
23.8%
Truth Doesn't Make a Noise
23.6%
As Ugly as I Seem
23.3%
The Same Boy You've Always Known
23.2%
Forever for Her (Is Over for Me)
23.2%
I'm Bound to Pack It Up
23.1%
I Can't Wait
22.9%
Song % Correct
Offend in Every Way
22.7%
I Can Learn
22.6%
Sister, Do You Know My Name?
22.3%
Why Can't You Be Nicer to Me?
22.3%
Let's Shake Hands
21.9%
When I Hear My Name
21.8%
St. Andrew (This Battle Is in the Air)
21.5%
Slicker Drips
20.9%
A Boy's Best Friend
20.1%
Walking With a Ghost
18.9%
Wasting My Time
18.4%
Hand Springs
17.2%
Lafayette Blues
17%
Candy Cane Children
15.6%
Black Jack Davey
15.5%
Party of Special Things to Do
14.3%
Rated X
14.1%
Red Death at 6:14
14%
Red Bowling Ball Ruth
13.9%
China Pig
13.8%
Baby Brother
13.6%
Lord, Send Me an Angel
12.9%
Honey, We Can't Afford to Look This Cheap
12.6%
Who's a Big Baby?
12.5%
Good to Me
12.5%
Ashtray Heart
12.4%
It's My Fault for Being Famous
12.2%
Look Me Over Closely
11.6%
The Singing of Silent Night
11.1%
Cash Grab Complications on the Matter
11%
Lovesick
10.2%
Who's to Say
9.6%
Top Special
9.6%
The Reading of the Story of the Magi
9.6%
St. Ides of March
9.5%
Tennessee Border
9.5%
Shelter of Your Arms
9.3%
Though I Hear You Calling, I Will Not Answer
8.7%

From the Vault

NFL Last 3 First Round QBs per Team

by cdhmiamifan13

Sports 8m
Here's another chance to type 'Tim Tebow'. Don't you feel better already?
Remove Ads.
Support Sporcle.
Get the best of Sporcle when you Go Orange. This ad-free experience offers more features, more stats, and more fun while also helping to support Sporcle. Thank you for becoming a member.

Show Comments

Extras

Top Quizzes Today


Score Distribution

Your Account Isn't Verified!

In order to create a playlist on Sporcle, you need to verify the email address you used during registration. Go to your Sporcle Settings to finish the process.

Report this User

Report this user for behavior that violates our Community Guidelines.

Details: